Can government cope? (Record no. 50180)

000 -LEADER
fixed length control field 00912pab a2200157 454500
008 - FIXED-LENGTH DATA ELEMENTS--GENERAL INFORMATION
fixed length control field 180718b2001 xxu||||| |||| 00| 0 eng d
100 ## - MAIN ENTRY--PERSONAL NAME
Personal name Keating, Michael
245 ## - TITLE STATEMENT
Title Can government cope?
260 ## - PUBLICATION, DISTRIBUTION, ETC.
Date of publication, distribution, etc. 2001
300 ## - PHYSICAL DESCRIPTION
Extent p.98-103
362 ## - DATES OF PUBLICATION AND/OR SEQUENTIAL DESIGNATION
Dates of publication and/or sequential designation Sep
520 ## - SUMMARY, ETC.
Summary, etc. This article was originally presented as a paper to the National Conference of the Institute of Public Administration Australia on 1 December 2000. It considers why governments have adopted a more market-oriented approach to governance, concluding that this change in means has generally helped them to achieve their preferred courses of action. However, the principal threats to government capacity are political not technical, and the article also discusses the limitations of market-based policies in this respect. - Reproduced
650 ## - SUBJECT ADDED ENTRY--TOPICAL TERM
Topical term or geographic name entry element Public administration
773 ## - HOST ITEM ENTRY
Main entry heading Australian Journal of Public Administration
909 ## -
-- 50180
Holdings
Withdrawn status Lost status Damaged status Not for loan Permanent Location Current Location Date acquired Serial Enumeration / chronology Barcode Date last seen Price effective from Koha item type
        Indian Institute of Public Administration Indian Institute of Public Administration 2018-07-19 Volume no: 60, Issue no: 3 AR50608 2018-07-19 2018-07-19 Articles

Powered by Koha